000 00791nam a2200241Ia 4500
003 OSt
005 20220923220815.0
006 a|||||r|||| 00| 0
007 ta
008 220922b |||||||| |||| 00| 0 hin d
024 _a190,664
037 _cTextual
040 _aARTS
_cARTS
_bhin
041 _2hin
_ahin
082 _aR6, 152M1-;1
100 _aव्यास शिष्य, कुॅंवरलाल
_9164641
245 0 _aभारतीय दर्शन
246 _aBhāratīya darshana
260 _aदिल्ली
_b इतिहास विद्या प्रकाशन
_c1981
300 _a200पृ.
_ccm.
942 _hR6, 152M1-;1
_cTEXL
_2CC
999 _c343439
_d343439